01463nam a2200265 i 450000100060000000300090000600500170001500700030003200800410003510000300007624502830010626001000038930000280048949000570051753000350057465100390060965100830064865100530073170000360078483000650082085200680088585600890095399900170104295201380105921761ES-MaACL20250731001134.0t|021127s1872 sp |||| | spa d1 aAlcocer, Pedro de.91956410aRelación de algunas cosas que pasaron en estos reinos desde que murió la reina católica doña Isabel, hasta que se acabaron las comunidades en la ciudad de Toledo / cPedro de Alcocer ; ilustrada con un prólogo, varias notas y apéndices [por Antonio Martín Gamero]. aSevilla : b[s.n.], c1872 (fImp. y Librería Española y Extrangera de D. Rafael Tarascó) aXXXI, 220 p. ; c23 cm.1 aSociedad de Bibliófilos Andaluces. aPrimera Serie aDisponible en formato digital. 4aToledo-xHistoria-yS.XVI.9142468 7aCastilla (Reino)-xHistoria-y1520-1521, Rebelión de los comuneros29142469 4aEspaña-xHistoria-y1516-1556, Carlos I.982241 aMartin Gamero, Antonio.91295551 aSociedad de Bibliófilos Andaluces. aPrimera Serie9182018 aES-MaACLjZ-99(1) z- Enc. con otra obra xOlim: B-5549 uhttp://bdh-rd.bne.es/viewer.vm?id=0000147866&page=1 zBiblioteca Digital Hispánica c21761d21761 001040708Colección_digitalaATENEOMbATENEOMcDEPOd2008-01-17eSCl0oZ-99(1)p1022367r2023-02-23 00:00:00w2023-02-23yMONANT